Design of steel structures (by Limit State Method) (Record no. 7400)
[ view plain ]
| 000 -LEADER | |
|---|---|
| fixed length control field | 00512cam a2200169ua 4500 |
| 003 - CONTROL NUMBER IDENTIFIER | |
| control field | OSt |
| 008 - FIXED-LENGTH DATA ELEMENTS--GENERAL INFORMATION | |
| fixed length control field | 250610b |||||||| |||| 00| 0 eng d |
| 020 ## - INTERNATIONAL STANDARD BOOK NUMBER | |
| ISBN | 9789384559793 |
| 082 ## - DEWEY DECIMAL CLASSIFICATION NUMBER | |
| Classification number | 624.1821 |
| Item number | RAM/DE |
| 100 ## - MAIN ENTRY--AUTHOR NAME | |
| Personal name | Ramamrutham S. |
| -- | Narayanan R. |
| 245 ## - TITLE STATEMENT | |
| Title | Design of steel structures (by Limit State Method) |
| 250 ## - EDITION STATEMENT | |
| Edition statement | 5 / 6 |
| 260 ## - PUBLICATION, DISTRIBUTION, ETC. (IMPRINT) | |
| Place of publication | New Delhi : |
| Name of publisher | Dhanpat Rai Publishing Co. Pvt. Ltd. , |
| Year of publication | 2007, 2015 |
| 300 ## - PHYSICAL DESCRIPTION | |
| Number of Pages | 898, 1018 |
| Other physical details | Revised And Enlarged Edition |
| 500 ## - GENERAL NOTE | |
| General note | 19004-05-*CSS |
| 942 ## - ADDED ENTRY ELEMENTS (KOHA) | |
| Koha item type | Books |
| Withdrawn status | Lost status | Damaged status | Home library | Current library | Date acquired | Full call number | Accession Number | Koha item type | Collection code | Shelving location | Source of acquisition | Cost, normal purchase price |
|---|---|---|---|---|---|---|---|---|---|---|---|---|
| KAUAET | 07/04/2012 | 624.1821 RAM/DE | 19005 | Books | ||||||||
| KAUAET | 07/04/2012 | 624.1821 RAM/DE | 19004 | Books | ||||||||
| KAUAET | KAUAET | 07/04/2012 | 624.1821 RAM/DE | 19003 | Books | |||||||
| KAUAET | KAUAET | 07/04/2012 | 624.1821 RAM/DE | 18767 | Books | |||||||
| Withdrawn | KAUAET | KAUAET | 07/04/2012 | 624.1821 | 18766 | Books | ||||||
| KAUAET | KAUAET | 07/04/2012 | 624.1821 RAM/DE | 18765 | Books | |||||||
| KAUAET | KAUAET | 07/04/2012 | 624.1821 RAM/DE | 21266 | Books | |||||||
| KAUAET | KAUAET | 07/04/2012 | 624.1821 RAM/DE | 21267 | Books | |||||||
| KAUAET | KAUAET | 07/04/2012 | 624.1821 RAM/DE | 21268 | Books | |||||||
| KAUAET | KAUAET | 07/04/2012 | 624.1821 RAM/DE | 21269 | Books | |||||||
| KAUAET | KAUAET | 07/04/2012 | 624.1821 RAM/DE | 21270 | Books | |||||||
| KAUAET | KAUAET | 07/04/2012 | 624.1821 RAM/DE | 19094 | Books | |||||||
| KAUAET | KAUAET | 07/04/2012 | 624.1821 RAM/DE | 22100 | Books | |||||||
| KAUAET | KAUAET | 31/03/2012 | 624.1821 RAM/DE | 22889 | Books | Non-fiction | General Stacks | Cosmo Books, Calicut | 390.00 | |||
| KAUAET | KAUAET | 14/02/2013 | 624.1821 RAM/DE | BB 135 | Book Bank scheme for SC students | Scheme | T B S Publishers and Distributors, Calicut. | 275.00 | ||||
| KAUAET | KAUAET | 14/02/2013 | 624.1821 RAM/DE | BB 114 | Book Bank scheme for SC students | Scheme | Penta Books Distributors, Calicut. | 285.00 | ||||
| KAUAET | KAUAET | 21/06/2016 | 624.1821 RAM/DE | 24633 | Books | General Stacks | Aman Book Stall Calicut | 310.00 | ||||
| KAUAET | KAUAET | 02/09/2016 | 624.1821 RAM/DE | BB 115 | Book Bank scheme for SC students | Scheme | Penta Books Distributors, Calicut. | 285.00 | ||||
| KAUAET | KAUAET | 14/03/2017 | 624.1821 RAM/DE | 25036 | Books | General Stacks | 525.00 | |||||
| KAUAET | KAUAET | 05/05/2018 | 624.1821 RAM/DE | 25034 | Books | 525.00 | ||||||
| KAUAET | KAUAET | 26/07/2018 | 624.1821 RAM/DE | 25043 | Books | |||||||
| KAUAET | KAUAET | 18/09/2018 | 624.1821 RAM/DE | 25035 | Books | |||||||
| KAUAET | KAUAET | 21/02/2019 | 624.1821 RAM/DE | 25039 | Books | |||||||
| KAUAET | KAUAET | 04/06/2019 | 624.1821 RAM/DE | 25038 | Books | Non-fiction | General Stacks | |||||
| KAUAET | KAUAET | 10/07/2019 | 624.1821 RAM/DE | 25037 | Books | |||||||
| KAUAET | KAUAET | 13/05/2022 | 624.1821 RAM/DE | 25041 | Books | |||||||
| KAUAET | KAUAET | 25/08/2022 | 624.1821 RAM/DE | 25040 | Books | General Books | General Stacks | 525.00 | ||||
| KAUAET | KAUAET | 25/08/2022 | 624.1821 RAM/DE | 25042 | Books | General Books | General Stacks | 525.00 |
